|
|
|
|
| LEADER |
00886cam a2200241 a 4500 |
| 001 |
0000067736 |
| 005 |
20100512090000.0 |
| 040 |
|
|
|a mod
|
| 041 |
|
|
|a eng
|
| 020 |
0 |
0 |
|a 0275972615
|
| 090 |
0 |
0 |
|a 341.73309567
|b DEA
|e 2001
|
| 100 |
1 |
0 |
|a Deaver
|h Michael V
|
| 245 |
1 |
0 |
|a Disarming Iraq
|b monitoring power and resistance
|c Michael V. Deaver.
|
| 260 |
0 |
0 |
|a Westport, Conn.
|b Praeger
|c 2001.
|
| 300 |
0 |
0 |
|a viii, 151 p.
|b ill.
|c 25 cm.
|
| 500 |
0 |
0 |
|a Includes bibliographical references (p. [141]-146) and index.
|
| 650 |
0 |
0 |
|a Iraq
|x Foreign relations.
|
| 650 |
0 |
0 |
|a Nuclear disarmament
|z Iraq.
|
| 650 |
0 |
0 |
|a Disarmament
|x On-site inspection
|z Iraq.
|
| 650 |
0 |
0 |
|a Weapons of mass destruction
|z Iraq
|
| 852 |
0 |
0 |
|a 01
|
| 999 |
|
|
|a 0216332
|b KEMENTAH
|d BOOKS
|e Umum
|f Perpustakaan KEMENTAH
|j AVAILABLE
|q GOOD CONDITION
|
| 999 |
|
|
|a 1000008791
|b Maktab Pertahanan Angkatan Tentera
|d BOOKS
|e Umum
|f MPAT
|j AVAILABLE
|q GOOD CONDITION
|